Budúcnosť bankových inštitúcií príspevok do diskusie

Tradičné bankové inštitúcie sú vystavené silným vonkajším vplyvom: svetová globalizácia a technologický pokrok, rastúca konkurencia, nové typy peňazí, tlak na znižovanie nákladov a zvyšovanie efektívnosti.

Saved in:
Bibliographic Details
Main Author: Feranec, Roman
Format: Book Chapter
Language:Slovak
Subjects:
Tags: Add Tag
No Tags, Be the first to tag this record!

MARC

LEADER 00000naa a2200000 4500
001 r047045
005 20220729105853.8
041 0 |a slo 
044 |a SK 
245 1 0 |a Budúcnosť bankových inštitúcií  |b príspevok do diskusie  |c Roman Feranec 
520 |a Tradičné bankové inštitúcie sú vystavené silným vonkajším vplyvom: svetová globalizácia a technologický pokrok, rastúca konkurencia, nové typy peňazí, tlak na znižovanie nákladov a zvyšovanie efektívnosti. 
610 2 0 |a banky 
610 2 0 |a inštitúcia 
610 2 0 |a konkurencia 
610 2 0 |a peniaze 
610 2 0 |a peniaze elektronické 
610 2 0 |a technológie informačné 
610 2 0 |a technológie nové 
610 2 0 |a efektívnosť 
100 1 |a Feranec, Roman